Statistics for World Capitals Quiz

Click here to take the quiz!

General Stats

  • This quiz has been taken 2,335,474 times
    (2,206,717 since last reset)
  • The average score is 82 of 196

Answer Stats

Country Capital City % Correct
FranceParis
91%
United KingdomLondon
89%
ItalyRome
88%
GermanyBerlin
87%
United StatesWashington D.C.
85%
SpainMadrid
84%
RussiaMoscow
83%
GreeceAthens
82%
IrelandDublin
81%
JapanTokyo
80%
NorwayOslo
78%
AustriaVienna
77%
ChinaBeijing
77%
Vatican CityVatican City
77%
NetherlandsAmsterdam
77%
BelgiumBrussels
76%
MexicoMexico City
75%
PortugalLisbon
75%
BrazilBrasília
73%
DenmarkCopenhagen
73%
IndiaNew Delhi
73%
FinlandHelsinki
72%
SwedenStockholm
71%
HungaryBudapest
71%
Czech RepublicPrague
71%
PolandWarsaw
71%
South KoreaSeoul
69%
CanadaOttawa
69%
AustraliaCanberra
68%
EgyptCairo
68%
ArgentinaBuenos Aires
67%
LuxembourgLuxembourg
67%
MonacoMonaco
67%
SwitzerlandBern
67%
UkraineKiev
66%
IcelandReykjavík
65%
PeruLima
64%
IsraelJerusalem
64%
BulgariaSofia
64%
IraqBaghdad
62%
CubaHavana
61%
ThailandBangkok
60%
SingaporeSingapore
59%
IranTehran
59%
San MarinoSan Marino
59%
ChileSantiago
58%
TurkeyAnkara
58%
New ZealandWellington
57%
AfghanistanKabul
57%
CroatiaZagreb
56%
BelarusMinsk
56%
RomaniaBucharest
56%
JamaicaKingston
55%
IndonesiaJakarta
55%
Saint Vincent and the
Grenadines
Kingstown
55%
PanamaPanama City
55%
South AfricaPretoria / Cape Town
/ Bloemfontein
55%
EstoniaTallinn
54%
LatviaRiga
53%
ColombiaBogotá
53%
PhilippinesManila
53%
North KoreaPyongyang
53%
VenezuelaCaracas
52%
Bosnia and
Herzegovina
Sarajevo
51%
AlbaniaTirana
50%
PakistanIslamabad
50%
MalaysiaKuala Lumpur
49%
VietnamHanoi
49%
UruguayMontevideo
49%
United Arab EmiratesAbu Dhabi
49%
BoliviaLa Paz / Sucre
49%
KuwaitKuwait City
48%
SerbiaBelgrade
47%
SyriaDamascus
47%
TaiwanTaipei
46%
EcuadorQuito
46%
NepalKathmandu
45%
AlgeriaAlgiers
45%
El SalvadorSan Salvador
44%
SlovakiaBratislava
44%
KenyaNairobi
44%
MaltaValletta
43%
LebanonBeirut
43%
TunisiaTunis
43%
LithuaniaVilnius
43%
AndorraAndorra la Vella
43%
BangladeshDhaka
42%
Saudi ArabiaRiyadh
42%
AzerbaijanBaku
42%
HaitiPort-au-Prince
42%
MongoliaUlaanbaatar
41%
QatarDoha
41%
JordanAmman
40%
GuatemalaGuatemala City
40%
SloveniaLjubljana
40%
CyprusNicosia
40%
North MacedoniaSkopje
39%
LiechtensteinVaduz
39%
MoroccoRabat
38%
LibyaTripoli
38%
EthiopiaAddis Ababa
38%
ParaguayAsunción
37%
KosovoPristina
37%
CambodiaPhnom Penh
37%
GeorgiaTbilisi
36%
Costa RicaSan José
36%
GuyanaGeorgetown
36%
DjiboutiDjibouti
35%
KazakhstanNur-Sultan
34%
BahamasNassau
34%
YemenSana'a
33%
OmanMuscat
33%
ArmeniaYerevan
33%
SenegalDakar
32%
MaldivesMalé
32%
MoldovaChișinău
32%
Sierra LeoneFreetown
31%
MontenegroPodgorica
31%
Dominican RepublicSanto Domingo
31%
NicaraguaManagua
31%
GhanaAccra
30%
East TimorDili
29%
Democratic Republic
of the Congo
Kinshasa
28%
SomaliaMogadishu
28%
SurinameParamaribo
28%
Trinidad and TobagoPort-of-Spain
28%
BahrainManama
28%
AngolaLuanda
28%
ZimbabweHarare
28%
LaosVientiane
28%
HondurasTegucigalpa
27%
UzbekistanTashkent
27%
BarbadosBridgetown
27%
BelizeBelmopan
27%
Guinea-BissauBissau
26%
FijiSuva
26%
BhutanThimphu
26%
SudanKhartoum
26%
São Tomé and PríncipeSão Tomé
26%
Republic of the CongoBrazzaville
26%
Papua New GuineaPort Moresby
25%
Antigua and BarbudaSaint John's
25%
SeychellesVictoria
25%
NigeriaAbuja
25%
KyrgyzstanBishkek
24%
MadagascarAntananarivo
24%
NamibiaWindhoek
24%
UgandaKampala
23%
BruneiBandar Seri
Begawan
23%
LiberiaMonrovia
23%
GrenadaSaint George's
23%
RwandaKigali
22%
South SudanJuba
22%
Burkina FasoOuagadougou
22%
TurkmenistanAshgabat
22%
TajikistanDushanbe
21%
DominicaRoseau
21%
CameroonYaoundé
21%
MozambiqueMaputo
21%
GabonLibreville
21%
EritreaAsmara
21%
Sri LankaSri
Jayawardenepura
Kotte
20%
TogoLomé
20%
MauritiusPort Louis
20%
BeninPorto-Novo /
Cotonou
20%
ZambiaLusaka
20%
BotswanaGaborone
20%
MaliBamako
19%
Cape VerdePraia
19%
Saint LuciaCastries
19%
ChadN'Djamena
19%
SamoaApia
19%
MyanmarNaypyidaw
19%
GuineaConakry
18%
VanuatuPort Vila
18%
TanzaniaDodoma
18%
Saint Kitts and NevisBasseterre
18%
NigerNiamey
18%
Central African RepublicBangui
18%
ComorosMoroni
17%
GambiaBanjul
17%
MalawiLilongwe
17%
BurundiGitega
16%
TuvaluFunafuti
16%
Ivory CoastYamoussoukro
16%
EswatiniMbabane
16%
Equatorial GuineaMalabo
16%
LesothoMaseru
16%
KiribatiSouth Tarawa
15%
Solomon IslandsHoniara
15%
MauritaniaNouakchott
15%
NauruYaren
15%
TongaNukuʻalofa
15%
Federated States of
Micronesia
Palikir
14%
Marshall IslandsMajuro
14%
PalauNgerulmud
13%

Score Distribution

Percentile by Number Answered

Percent of People with Each Score

Your Score History

You have not taken this quiz since the last reset